Staviva I.,II.

Uložené v:
Podrobná bibliografia
Hlavný autor: Kallauner, Otakar (Autor)
Médium: Kniha
Jazyk:Czech
Vydavateľské údaje: Praha : SNTL, 1956;1959
Vydanie:1.vyd.
Tagy: Pridať tag
Žiadne tagy, Buďte prvý, kto otaguje tento záznam!

MARC

LEADER 00000nam a22000003a 4500
001 stu164223
005 20150617230000.5
008 080528s--------cs------------------cze-d
040 |a STU  |b slo 
041 0 |a cze 
044 |a cs 
080 |a 691 
100 1 |a Kallauner, Otakar  |4 aut 
245 1 |a Staviva I.,II. 
250 |a 1.vyd. 
260 |a Praha :  |b SNTL,  |c 1956;1959 
300 |a I :  |b 203 s 
300 |a II :  |b 224 s 
996 |b 284V018371  |c V*50017/O-22254 II.  |l VVT  |s A  |a 24  |w stu164223_0001 
996 |b 284V018369  |c V*50016/O-22254 I.  |l VVT  |s A  |a 24  |w stu164223_0002